000 00670nam a22001937a 4500
999 _c197271
_d197271
005 20230821110013.0
010 _aUR-12138
020 _a9788195952649
_c200.00
035 _aU-10693
037 _bDBAD/PUB
082 _aن
100 _aشاذ یہ فر حین
245 _aخد یجہ مستور :
_bاپنے ناولوں کے آینے میں /
_cشاذ یہ فر حین
246 _aKhadija Mastoor : Apne Novelon ke Aaine Mein /
_bby Shazia Farheen
260 _aNew Delhi
_bEducational Publishing House
_c2022 ء
270 _aH.O. D1/16, Ansari Road, Darya Ganj
_bNew Delhi
_e110002
300 _a116 ص
_c22cm(Hb)
942 _2ddc
_cUR
_mش ا ذ
_e
_hن